Ehem. Meilenstein Brawler in Brawl Stars - Statistiken

Allgemein
  • Dieses Quiz wurde 290 mal gespielt
  • Das Durchschnittsergebnis liegt bei 8 aus 11
Antwortstatistiken
Trophäen Brawler % Korrekt
10 Nita
97%
60 Colt
94%
250 Bull
89%
8000 Emz
77%
6000 8-Bit
71%
1000 Brock
71%
500 Jessie
71%
2000 Dynamike
70%
3000 Bo
68%
10000 Stu
68%
4000 Tick
64%
Keine übereinstimmenden Quizze gefunden
Verteilung der Resultate
Anzahl Personen mit jedem Resultat
Perzentil nach korrekt beantworteten Fragen
Ihre Resultats-Entwicklung
Sie haben dieses Quiz noch nicht gespielt